| 000 | 00709nam a2200253 a 4500 | ||
|---|---|---|---|
| 005 | 20210219153004.0 | ||
| 008 | 991125n 000 0 u | ||
| 035 | _aUPN01000071299 | ||
| 100 | _aHurrelmann, Klaus | ||
| 222 | _aJOURNAL OF YOUTH AND ADOLESCENCE | ||
| 245 | _aDelinquency as a sympton of adolescents' orientation toward status and sucess | ||
| 300 | _a119-138 | ||
| 362 | _a21, No. 1, 1992 | ||
| 505 | _aSeptiembre 1992 | ||
| 653 | 0 | _aADOLESCENTES | |
| 653 | 0 | _aDELINCUENCIA | |
| 653 | 0 | _aEXITO | |
| 653 | 0 | _aMOTIVACION DEL ESTUDIANTE | |
| 653 | 0 | _aRELACION ENTRE COMPA\197EROS | |
| 653 | 0 | _aSTATUS SOCIAL | |
| 700 | _aEngel, Uwe | ||
| 904 |
_aAC _b009110 |
||
| 905 | _aArticulo | ||
| 999 |
_c65617 _d65617 |
||